Greatest UFC Fighters by Weight Class - Statistics

General Stats
  • This quiz has been taken 73 times
  • The average score is 19 of 29
Answer Stats
Hint Answer % Correct
LW Khabib
94%
FW + LW Conor McGregor
90%
LHW +HW Jon Jones
87%
LHW + HW Daniel Cormier
84%
MW Israel Adesanya
84%
WW + MW GSP
82%
HW Stipe Miocic
81%
FW Alexander Volkanovski
79%
MW Anderson Silva
79%
FW + BMF Max Holloway
79%
LW Islam
77%
FW Jose Aldo
74%
FlW Demetrious Johnson
73%
MW + LHW Alex Pereira
71%
WW Kamaru Usman
69%
LW- Interim Dustin Poirier
65%
BW Merab
63%
WBW +FW Amanda Nunes
60%
LW Charles Oliveira
58%
BW Dominick Cruz
55%
FlW + BW Henry Cejudo
55%
BW TJ Dillashaw
53%
FlW Alexandre Pantoja
52%
HW Cain Velasquez
52%
LW + WW BJ Penn
50%
WW Matt Hughes
45%
LHW + HW Randy Couture
37%
MW Robert Whittaker
35%
WSW Zhang Weilli
26%
No matching quizzes found
Score Distribution
Percent of People with Each Score
Percentile by Number Answered
Your Score History
You have not taken this quiz